000 00650nab a2200193 4500
001 244442
003 OSt
005 20260209123458.0
007 tu
008 260209s2020|||||||
040 _aDE-2950
_cDE-2950
245 0 0 _aStadt lenkt bei Musikschule ein
_bFinanzen. Nach Protesten wird die Streichliste für den Kultureigenbetrieb etwas kürzer. Viele Einsparungen stehen aber weiter zur Debatte/
_cLisa Larossa, Thomas Gutke
264 _c2025
653 _aFrankfurt (Oder)
653 _aMusikschule
653 _aKürzungen
773 0 _g37. Jahrgang (2026) Nr. 23 vom 28.01.2026 , S. 13 mit Foto
_tMärkische Oderzeitung
942 _2z
_cA
999 _c374268
_d374268